|
|
|
|
| LEADER |
00000ny a22000003n 4500 |
| 005 |
20110606102435.0 |
| 008 |
080609s2007 sp s 000 0 spa c |
| 020 |
|
|
|a 8476987641
|
| 035 |
|
|
|a 1986
|
| 040 |
|
|
|a UMA.RE
|d vLex
|
| 080 |
|
|
|a (0.034)
|
| 090 |
|
|
|c 466
|d 466
|
| 100 |
1 |
|
|a Roca Agapito, Luis
|
| 245 |
1 |
3 |
|a El sistema de sanciones en el Derecho penal espaǫl
|h [Recurso electrn̤ico]
|c Luis Roca Agapito
|
| 256 |
|
|
|a Servicio en ln̕ea
|
| 260 |
|
|
|a Barcelona :
|b J.M. Bosch,
|c 2007
|
| 506 |
1 |
|
|a Contenido solo disponible en los productos indicados
|d vLex Global
|d vLex Global (Academic Edition, excluding Law Schools)
|d vLex Global (U.S. Academic Edition, Law Schools)
|d vLex Global (U.S. Academic Edition, excluding Law Schools)
|d vLex Global (Academic Edition, Law Schools)
|
| 650 |
0 |
4 |
|a Penal
|2 Tesauro vLex
|
| 650 |
0 |
4 |
|a Penas
|2 Tesauro vLex
|
| 650 |
0 |
4 |
|a Derecho penal
|2 Tesauro vLex
|
| 740 |
0 |
|
|a vLex Libros (Servicios en ln̕ea)
|
| 856 |
4 |
0 |
|u http://vlex.com/source/1986
|z Acceso restringido
|
| 942 |
|
|
|c BOOK
|
| 999 |
0 |
|
|a Criminal Law
|b Barcelona
|